<?xml version="1.0" encoding="UTF-8"?><?xml-stylesheet type="text/xsl" href="static/style.xsl"?><OAI-PMH xmlns="http://www.openarchives.org/OAI/2.0/" xmlns:xsi="http://www.w3.org/2001/XMLSchema-instance" xsi:schemaLocation="http://www.openarchives.org/OAI/2.0/ http://www.openarchives.org/OAI/2.0/OAI-PMH.xsd"><responseDate>2026-04-28T19:09:46Z</responseDate><request verb="GetRecord" identifier="oai:uvadoc.uva.es:10324/62834" metadataPrefix="marc">https://uvadoc.uva.es/oai/request</request><GetRecord><record><header><identifier>oai:uvadoc.uva.es:10324/62834</identifier><datestamp>2023-11-13T20:04:15Z</datestamp><setSpec>com_10324_38</setSpec><setSpec>col_10324_852</setSpec></header><metadata><record xmlns="http://www.loc.gov/MARC21/slim" xmlns:doc="http://www.lyncode.com/xoai" xmlns:xsi="http://www.w3.org/2001/XMLSchema-instance" xmlns:dcterms="http://purl.org/dc/terms/" xsi:schemaLocation="http://www.loc.gov/MARC21/slim http://www.loc.gov/standards/marcxml/schema/MARC21slim.xsd">
<leader>00925njm 22002777a 4500</leader>
<datafield tag="042" ind1=" " ind2=" ">
<subfield code="a">dc</subfield>
</datafield>
<datafield tag="720" ind1=" " ind2=" ">
<subfield code="a">Cristóbal Medrano, Javier</subfield>
<subfield code="e">author</subfield>
</datafield>
<datafield tag="260" ind1=" " ind2=" ">
<subfield code="c">2023</subfield>
</datafield>
<datafield tag="520" ind1=" " ind2=" ">
<subfield code="a">En el presente documento se analizarán diferentes aspectos de la Agencia &#xd;
Tributaria, comenzando por su historia y sus acontecimientos más relevantes. A &#xd;
continuación, se estudiará el Marketing usado por la entidad pública, como las &#xd;
campañas publicitarias o las diferentes estrategias que ha tenido que seguir la &#xd;
Agencia para cumplir sus objetivos. Para finalizar, se analiza mediante la &#xd;
plataforma SPSS una base de datos con 39.364 casos sobre las opiniones y las &#xd;
actitudes fiscales de los españoles desde el año 2003 hasta el 2021, &#xd;
identificando las principales variables necesarias para observar si la población &#xd;
está más o menos conforme con las actuaciones de la Agencia Tributaria y si &#xd;
consideran que se han cumplido los objetivos de la entidad pública.</subfield>
</datafield>
<datafield tag="024" ind2=" " ind1="8">
<subfield code="a">https://uvadoc.uva.es/handle/10324/62834</subfield>
</datafield>
<datafield tag="245" ind1="0" ind2="0">
<subfield code="a">Estudio sobre diferentes aspectos del análisis cuantitativo y cualitativo de la Administración Tributaria</subfield>
</datafield>
</record></metadata></record></GetRecord></OAI-PMH>